Literature : Reading fiction, poetry, and drama
Сохранить в:
| Главный автор: | |
|---|---|
| Формат: | |
| Язык: | Undetermined |
| Опубликовано: |
Boston, Mass
McGraw - Hill
2002
|
| Предметы: | |
| Метки: |
Добавить метку
Нет меток, Требуется 1-ая метка записи!
|
| Thư viện lưu trữ: | Trung tâm Học liệu Trường Đại học Cần Thơ |
|---|
| LEADER | 00624nam a2200229Ia 4500 | ||
|---|---|---|---|
| 001 | CTU_165774 | ||
| 008 | 210402s9999 xx 000 0 und d | ||
| 020 | |c 45.80 | ||
| 082 | |a 808 | ||
| 082 | |b D536 | ||
| 100 | |a DiYanni, Robert | ||
| 245 | 0 | |a Literature : | |
| 245 | 0 | |b Reading fiction, poetry, and drama | |
| 245 | 0 | |c Robert DiYanni | |
| 260 | |a Boston, Mass | ||
| 260 | |b McGraw - Hill | ||
| 260 | |c 2002 | ||
| 526 | |a Văn học trong giảng dạy ngôn ngữ Anh | ||
| 526 | |b SP628 | ||
| 650 | |a Literature,Văn chương | ||
| 904 | |i Yen | ||
| 980 | |a Trung tâm Học liệu Trường Đại học Cần Thơ | ||